International accounting and reporting issues, 2015 review (Record no. 47271)

MARC details
000 -LEADER
fixed length control field 00979nam a2200181 a 4500
008 - FIXED-LENGTH DATA ELEMENTS--GENERAL INFORMATION
fixed length control field 180925s2017 ||||||||||||||||| || u
020 ## - INTERNATIONAL STANDARD BOOK NUMBER
International Standard Book Number 9789211129120
050 ## - LIBRARY OF CONGRESS CALL NUMBER
Classification number UNCTAD(058)IARI/2017
110 ## - MAIN ENTRY--CORPORATE NAME
Corporate name or jurisdiction name as entry element United Nations Conference on Trade and Development (UNCTAD)
245 10 - TITLE STATEMENT
Title International accounting and reporting issues, 2015 review
Statement of responsibility, etc. by United Nations Conference on Trade And Development (UNCTAD)
260 ## - PUBLICATION, DISTRIBUTION, ETC.
Place of publication, distribution, etc. New York
Name of publisher, distributor, etc. United Nations Conference on Trade and Development (UNCTAD)
Date of publication, distribution, etc. 2017
300 ## - PHYSICAL DESCRIPTION
Extent ix, 50 pages : illustration
650 ## - SUBJECT ADDED ENTRY--TOPICAL TERM
Topical term or geographic name entry element INTERNATIONAL BUSINESS ENTERPRISES--ACCOUNTING PERIODICAL
650 ## - SUBJECT ADDED ENTRY--TOPICAL TERM
Topical term or geographic name entry element INTERNATIONAL BUSINESS ENTERPRISES--ACCOUNTING
650 ## - SUBJECT ADDED ENTRY--TOPICAL TERM
Topical term or geographic name entry element ACCOUNTANCY
650 ## - SUBJECT ADDED ENTRY--TOPICAL TERM
Topical term or geographic name entry element INTERNATIONAL BUSINESS ENTERPRISES--ACCOUNTING--STANDARDS
995 ## - RECOMMENDATION 995 [LOCAL, UNIMARC FRANCE]
-- CBU-MAIN LIBRARY (Kitwe)
-- 1
-- AVAILABLE
-- Sep 25, 2018
-- United Nations Conference on Trade And Development (UNCTAD)
-- International Publications
Holdings
Withdrawn status Lost status Source of classification or shelving scheme Damaged status Not for loan Home library Current library Shelving location Date acquired Total Checkouts Full call number Barcode Date last seen Price effective from Koha item type
          CBU-MAIN LIBRARY, KITWE. CBU-MAIN LIBRARY, KITWE.   11/30/2022   UNCTAD(058)IARI/2017 B3774 11/30/2022 11/30/2022 MONOGRAPH